कितना अकेला / (Record no. 48461)

MARC details
000 -LEADER
fixed length control field 01062nam a22002537a 4500
005 - DATE AND TIME OF LATEST TRANSACTION
control field 2010101908158.0
008 - FIXED-LENGTH DATA ELEMENTS--GENERAL INFORMATION
fixed length control field 101019t xxu||||| |||| 00| 0 hin d
010 ## - LCCN (DPL NO)
LC control number HIN-90900
020 ## - INTERNATIONAL STANDARD BOOK NUMBER
International Standard Book Number 9788190903196
Terms of availability 125.00
035 ## - SYSTEM CONTROL NUMBER
System control number HN-63246
037 ## - SOURCE OF ACQUISITION
Source of stock number/acquisition DBAD / PUB
040 ## - CATALOGING SOURCE
Original cataloging agency DPL
Language of cataloging HN
082 ## - DEWEY DECIMAL CLASSIFICATION NUMBER
Classification number 821
100 ## - MAIN ENTRY--PERSONAL NAME
9 (RLIN) 23632
Personal name राय, नन्दकुमार
245 ## - TITLE STATEMENT
Title कितना अकेला /
Statement of responsibility, etc नन्दकुमार राय
246 ## - VARYING FORM OF TITLE
Title proper/short title Kitana Aakela
Remainder of title by Nandkumar Roy
260 ## - PUBLICATION, DISTRIBUTION, ETC. (IMPRINT)
Place of publication, distribution, etc नई दिल्ली
Name of publisher, distributor, etc देवबंधु प्रकाशन
Date of publication, distribution, etc 2009
270 ## - ADDRESS
Address 33/1, भुलभूल्लैयां रोड, महरौली
City नई दिल्ली
Postal code 110030
Telephone number 26643982
300 ## - PHYSICAL DESCRIPTION
Extent 80पृ.
Dimensions 22सेमी (सजिल्द)
650 ## - SUBJECT ADDED ENTRY--TOPICAL TERM
9 (RLIN) 657
Topical term or geographic name as entry element हिन्दी कविता
700 ## - ADDED ENTRY--PERSONAL NAME
9 (RLIN) 23660
942 ## - ADDED ENTRY ELEMENTS (KOHA)
Source of classification or shelving scheme Dewey Decimal Classification
Item type Hindi Books
Classification part 821
Call number suffix रायन
Holdings
Withdrawn status Lost status Source of classification or shelving scheme Damaged status Not for loan Collection code Home library Current library Date acquired Source of acquisition Cost, normal purchase price Total Checkouts Full call number Barcode Date last seen Copy number Cost, replacement price Koha item type
    Dewey Decimal Classification   Not For Loan Non-fiction D.B.Act.Division D.B.Act.Division 20/10/2010 DBAD / PUB 125.00   821 रायन HN-63246 20/10/2010 1 125.00 Hindi Books

© Delhi Public Library
Hit Counter
free hit counter